00536nam a2200193 a 4500001001300000003000900013005001700022008004100039020001000080082002100090100002200111245003200133260004500165300000800210500003500218505004700253650002000300700002200320nice12345678IN_TiNIC20260116012401.0050524s1967 enga grp 000 0 eng  ac10000a305.6297041bBUT aButterworth, Eric aMuslim Community in Britain aEnglandbChurch Information Officec1967 a60p aincludes index and biblioraphy2 aFoot notes by Maulana Maulvi Ilahi Bakhsh. aMuslims-Britain1 aButterworth, Eric